Statystyki dla Kraje Cesarstwa Niemieckiego

Kliknij tutaj aby rozwiązać quiz!

Ogólne statystyki

  • Ten quiz został rozwiązany 188 razy
  • Średni wynik to 12 z 30

Statystyki odpowiedzi

% PrzejęciaKraj% Poprawnych
50 ?Polska
99%
2Francja
89%
6Belgia
87%
9Dania
87%
100Niemcy
87%
< 1Czechy
79%
0.09Rosja
77%
6Litwa
72%
100Namibia
48%
99.7Tanzania
48%
100Kamerun
45%
53Papua Nowa Gwinea
43%
100Togo
33%
< 1Chiny
28%
13Demokratyczna Republika Konga
28%
100Rwanda
28%
100Burundi
26%
4Nigeria
25%
< 1Stany Zjednoczone
23%
100Mikronezja
21%
100Palau
21%
15 ?Wyspy Salomona
21%
8 ?Ghana
18%
10Czad
17%
20 ?Republika Środkowoafrykańska
17%
14Gabon
16%
< 1Gwinea
16%
100Nauru
15%
100Samoa
14%
100Wyspy Marshala
6%

Rozkład punktacji

Percentyl według liczby udzielonych odpowiedzi

Procent ludzi z każdym wynikiem

Twoja historia wyników

Nie rozwiązałeś tego quizu